000 00514nam a2200205Ia 4500
008 240510s9999 xx 000 0 und d
020 _a0000471217476
041 _aEng
082 _a519.243(083)
082 _bD52
100 _aDODGE, Harold F, ROMIG, Harry G.
245 0 _aSampling inspection tables : single and double sampling
250 _a2nd ed.
260 _bNew York : John Wiley
260 _c1959
300 _a224 p.
650 _aStatistics : Sampling
942 _2ddc
942 _cLBK
999 _c25432
_d25432
945 _a1
_bMadushi Gamage
_c1
_dMadushi Gamage